Fyzika 1 príprava na univerzitné štúdium

Bibliographic Details
Main Author: Adlerová, Eleonóra, 1932-2023 (Author)
Format: Book
Language:Slovak
PhysicalDescription:124 s. sch., grafy 29 cm
Published: V Bratislave Slovenská technická univerzita 2007
ISBN:9788022727204
Edition:6. vyd.
Series:Edícia príručiek
Subjects:

MARC

LEADER 00000nam a2200000 a 4500
001 vtls009159336
003 SK-MaSNL
005 20260302005505.0
008 160216s2007 xo dl d p 000 0 slo
015 |a SNBA2007/11-05547 
020 |a 9788022727204  |q (brož.) 
035 |a 4B6788CD-8682-4CAC-9A49-86F8153D694F 
035 |a urn:nbn:sk:snk-amjvcs 
035 |a urn:nbn:sk:snk-am00842b 
040 |a SNK  |b slo  |c SNK  |e AACR2 
041 0 |a slo 
044 |a xo  |c SK 
072 7 |a 53  |x Fyzika  |2 konspekt 
080 |a 53  |2 2001 
080 |a 371.279.5/.6  |2 2001 
080 |a 378  |2 2001 
080 |a (035)  |2 2001 
080 |a (07)  |2 2001 
080 |a 373.5.016  |2 2001 
245 0 0 |a Fyzika 1  |b príprava na univerzitné štúdium  |c Eleonóra Adlerová ... [et al.] 
250 |a 6. vyd. 
260 |a V Bratislave  |b Slovenská technická univerzita  |c 2007 
300 |a 124 s.  |b sch., grafy  |c 29 cm 
366 |e 100 výt. 
490 1 |a Edícia príručiek 
650 0 7 |a fyzika  |2 SNKPH  |9 816 
650 0 7 |a prijímacie skúšky  |2 SNKPH  |9 1229 
650 0 7 |a vysoké školy  |2 SNKPH  |9 1277 
650 0 7 |a učivo stredných škôl  |2 SNKPH  |9 65982 
655 7 |a príručky  |2 SNKPH  |9 74364 
700 1 |a Adlerová, Eleonóra,  |d 1932-2023  |4 aut  |9 99471 
752 |a Slovensko  |d Bratislava 
810 2 |a Slovenská technická univerzita v Bratislave.  |b Lokálne stredisko pre dištančné vzdelávanie  |t Edícia príručiek  |9 87315 
852 |a Slovenská národná knižnica 
919 |a 978-80-227-2720-4 
958 |a OND 
958 |a NB 
968 |d 53+54 
999 |c 999656  |d 1001586 
952 |a SNK  |b SNK  |y PREZ  |7 0  |p 17A0567717  |o snkSB 75288/1  |i snk2007/24800  |8 0  |0 0  |1 0  |4 0  |d 2007-11-14  |f 1  |l 0  |r 2025-04-28 00:00:00  |w 2026-02-24 
952 |a SNK  |b SNK  |y VYP  |7 0  |p 17A0567725  |o snkSB 75288/1 D1  |i snk2007/24801  |8 0  |0 0  |1 0  |4 0  |d 2007-11-14  |l 0  |r 2016-06-30 00:00:00  |w 2026-02-24